000 00690nam a2200277Ia 4500
005 20260324123120.0
008 008 260324s9999 xx 000 0 eng d
020 _a9780203143179
037 _aEBOOK
040 _aCRL
040 _beng
040 _cCRL
041 _2eng
041 _aeng
084 _qCRL
100 _aMarilyn Martin-Jones; Sheena Gardner; Marilyn Martin-Jones
_91169084
245 0 _aMultilingualism, Discourse, and Ethnography
260 _bTaylor and Francis
260 _c2012
365 _a
365 _b240
856 _uhttp://www.taylorfrancis.com/books/9780203143179
942 _cEBOOK
999 _c1762322
_d1762322